Sports Quiz

Random Sports or Football Quiz

Super Bowl Standings Quiz Stats

 Plays Quiz Updated Feb 3, 2019

Score 0/17 Timer 02:00
0 Plays Today
Record Team % Correct
6-2Pittsburgh Steelers
96.8%
5-3Dallas Cowboys
88%
5-1San Francisco 49ers
82.5%
6-5New England Patriots
82.5%
4-1Green Bay Packers/New York Giants
81.2%
0-4Buffalo Bills/Minnesota Vikings
68.3%
3-2Oakland Raiders/Washington Redskins
57%
3-5Denver Broncos
52.7%
1-0New Orleans Saints/New York Jets/Tampa Bay Buccaneers
52.5%
Record Team % Correct
0-2Atlanta Falcons/Cincinnati Bengals/Carolina Panthers
43.8%
0-1Arizona Cardinals/Los Angeles Chargers/Tennessee Titans
43.4%
1-2Seattle Seahawks/Philadelphia Eagles
40%
2-0Baltimore Ravens
38.9%
1-1Chicago Bears/Kansas City Chiefs
37.4%
2-3Miami Dolphins
32.8%
1-3Los Angeles Rams
30.7%
2-2Indianapolis Colts
29.7%

You're not logged in!

Compare scores with friends on all Sporcle quizzes.
OR
Log In

Sporcle TV

Today on Sporcle TV


Watch our educational content, quiz creation guides, and fun videos on Sporcle TV.

Show Comments

Extras

Top Quizzes Today


Score Distribution

Your Account Isn't Verified!

In order to create a playlist on Sporcle, you need to verify the email address you used during registration. Go to your Sporcle Settings to finish the process.

Report this User

Report this user for behavior that violates our Community Guidelines.

Details: